000 00789cam a2200229 4500
001 WB3548-23
008 000000n1999 000 0 eng u
035 _a(Sirsi) u103080
245 _aCross-London rail link wins grant
260 _c1999
490 _aFinancial Times
_v9 December 1999, 2(1)
520 _aA cross-London rail service linking the Millennium Dome and Heathrow airport has become one of the first two projects to win seedcorn funding from the government's £105m rail passenger partnership scheme.
590 _aWB
650 _aRAIL LINK
650 _aMILLENNIUM DOME
650 _aHEATHROW AIRPORT
650 0 _aSEEDCORN FUNDING
650 0 _aRAIL PASSENGER PARTNERSHIP SCHEME
650 _aLONDON
690 _aTRANSPORT AND COMMUNICATIONS
942 _n0
999 _c61948
_d61948